পাষাণের মৌনতটে / (Record no. 19096)
[ view plain ]
| 000 -LEADER | |
|---|---|
| fixed length control field | 00669nam a22001937a 4500 |
| 003 - CONTROL NUMBER IDENTIFIER | |
| control field | BDDh-ASL |
| 005 - DATE AND TIME OF LATEST TRANSACTION | |
| control field | 20231015025745.0 |
| 008 - FIXED-LENGTH DATA ELEMENTS--GENERAL INFORMATION | |
| fixed length control field | 201114s2007 b ||||| |||| 00| 0 ben d |
| 040 ## - CATALOGING SOURCE | |
| Original cataloging agency | BDDh-ASL |
| Transcribing agency | BDDh-ASL |
| 041 ## - LANGUAGE CODE | |
| Language code of text/sound track or separate title | ben |
| 082 ## - DEWEY DECIMAL CLASSIFICATION NUMBER | |
| Classification number | 910 |
| Item number | BAP |
| 100 1# - MAIN ENTRY--PERSONAL NAME | |
| 9 (RLIN) | 1539 |
| Personal name | বড়ুয়া, জ্যোতি বিকাশ |
| 245 10 - TITLE STATEMENT | |
| Title | পাষাণের মৌনতটে / |
| 246 ## - VARYING FORM OF TITLE | |
| Title proper/short title | Pashaner Mounatote by Jyoti Bikash Barua. |
| 260 ## - PUBLICATION, DISTRIBUTION, ETC. | |
| Place of publication, distribution, etc. | ঢাকা : |
| Name of publisher, distributor, etc. | অমিত কুমার বড়ুয়া, |
| Date of publication, distribution, etc. | 2007. |
| 300 ## - PHYSICAL DESCRIPTION | |
| Extent | ৪৯ পৃ. : |
| Dimensions | ২২ সে. মি. |
| 650 #0 - SUBJECT ADDED ENTRY--TOPICAL TERM | |
| 9 (RLIN) | 2022 |
| Topical term or geographic name entry element | ভ্রমণ-পর্যটন |
| 942 ## - ADDED ENTRY ELEMENTS (KOHA) | |
| Source of classification or shelving scheme | Dewey Decimal Classification |
| Koha item type | Books |
| Withdrawn status | Lost status | Source of classification or shelving scheme | Damaged status | Not for loan | Collection code | Home library | Current library | Shelving location | Date acquired | Source of acquisition | Total Checkouts | Full call number | Barcode | Date last seen | Copy number | Price effective from | Koha item type |
|---|---|---|---|---|---|---|---|---|---|---|---|---|---|---|---|---|---|
| Dewey Decimal Classification | Non-fiction | Asiatic Society Library | Asiatic Society Library | General Stacks | 11/14/2020 | Complementary | 910 BAP | 102371 | 11/14/2020 | C-1 | 11/14/2020 | Books |